01478 2200601 4500001002100000005001500021035002000036007000300056008004100059020002200100082001000122084001600132100003400148245009800182250001300280300003800293500006500331650001500396264003100411336002100442337003000463338002300493990001200516990001200528990001200540990001200552990001200564990001200576990001200588990001200600990001200612990001200624990001200636990001200648990001200660990001200672990001200684990001200696990001200708990001200720990001200732990001200744990001200756990001200768990001200780990001200792990001200804990001200816990001200828990001200840990001200852990001200864INLIS00000000000041120241018084332 a0010-1024000004ta241018 0 ind  a978-623-180-300-9 a741.6 a741.6 SUM d0 aSumantoro KasdhaniePengarang1 aDasar-Dasar Desain Komunikasi Visual :bSMK/MAK Kelas X Fase F Volume 2 /cSumantoro Kasdhani avolume 2 axii, 260 halaman :bilus ;c21 cm aKurikulum Merdeka Program Keahlian:Desain Komunikasi Visual 4aMultimedia aJakarta :bErlangga,c2023 2rdacontentateks 2rdamediaatanpa perantara 2rdacarrieravolume a24.0465 a24.0466 a24.0467 a24.0468 a24.0469 a24.0470 a24.0471 a24.0472 a24.0473 a24.0474 a24.0475 a24.0476 a24.0477 a24.0478 a24.0479 a24.0480 a24.0481 a24.0482 a24.0483 a24.0484 a24.0485 a24.0486 a24.0487 a24.0488 a24.0489 a24.0490 a24.0491 a24.0492 a24.0493 a24.0494